000 00376nam a22001217a 4500
999 _c2010
_d2010
005 20200908115213.0
008 200908b ||||| |||| 00| 0 eng d
020 _a13027
040 _cCML
245 _aModern Art: The Men The Movement The Meaning.
_cCraven, T.
260 _aNew York
_bSimon and Schuster, Inc.
_c1940
942 _2ddc
_cBK
_e1st Edition
_h709
_mCRA